000 01230cam a22003377a 4500
003 CHAP
005 20220329140220.0
008 971013s1964 r 00010 d
010 _a48678
011 _a49650
035 _a53800
040 _cCHAP
082 _a301.35016
_bV45
100 0 0 _aVelásquez Gallardo, Pablo.
_9118484
245 1 2 _aA selected bibliography of economic, social and agricultura development in Mexico
260 _aMéxico, D.F. :
_bInstituto Nacional de Investigaciones Agrícolas,
_c1964
300 _a22 p.
590 _aBATCH-UPD
_b10
_c20130109
_lUCH01
_h2328
590 _aBATCH-UPD
_b10
_c20130110
_lUCH01
_h1252
590 _aBATCH-UPD
_b10
_c20130409
_lUCH01
_h1852
590 _aBATCH-UPD
_b10
_c20130410
_lUCH01
_h0814
590 _aBATCH-UPD
_b10
_c20130914
_lUCH01
_h1925
590 _aCONVERSION
_b10
_c20130109
_lUCH01
_h1327
650 1 4 _aAgricultura
_xAspectos economicos
_xMexico
_xBibliografia.
_91271
650 1 4 _aMéxico
_xCondiciones económicas
_xBibliografía.
_976724
650 1 4 _aMéxico
_xCondiciones sociales
_xBibliografía.
_976731
650 1 4 _aSociología rural.
_9108215
901 _aBK
942 _cLIBRO
949 _a301.35016 V45
_bBC
_cC
_d33724000480927
_eC
_h4385
_i53800
_mD
_si
999 _c48678
_d48678